|
|
|
|
| LEADER |
00000nam a2200000Ia 4500 |
| 008 |
170606b2008 cr ||||| |||| 00| | spa d |
| 999 |
|
|
|c 1320
|d 1320
|
| 090 |
|
|
|a 05.01.01
|b 1608
|
| 100 |
1 |
|
|a Burgos, Juan Manuel
|9 2910
|e Editor/a
|
| 245 |
1 |
0 |
|a Hacia una definición de la filosofía personalista /
|c Juan Manuel Burgos, José Luis Cañas, Urbano Ferrer, editores
|
| 260 |
|
|
|a San José, Costa Rica :
|b PROMESA,
|c 2008?
|
| 300 |
|
|
|a 273 páginas
|
| 490 |
|
|
|a Filosofía,
|v 8
|
| 650 |
|
0 |
|a FILOSOFÍA
|9 336
|
| 700 |
1 |
|
|a Cañas, José Luis
|9 2911
|e Editor/a
|
| 700 |
1 |
|
|a Ferrer, Urbano
|9 2912
|e Editor/a
|
| 942 |
|
|
|i 003150
|h 05.01.01 1608
|2 z
|c 01
|